[Event "Gyula"]
[Site "Gyula"]
[Date "1993.??.??"]
[Round "10"]
[White "Sidorov, Anatoly"]
[Black "Kaunas, Kestutis"]
[Result "1/2-1/2"]
[WhiteElo "2390"]
[BlackElo "2350"]

1.d4 Nf6 2.c4 e6 3.Nc3 Bb4 4.f3 d5 5.a3 Be7 6.e3 O-O 7.cxd5 Nxd5 8.e4 Nxc3
9.bxc3 c5 10.Kf2 cxd4 11.cxd4 e5 12.Be3 exd4 13.Qxd4 Qxd4 14.Bxd4 Nc6 15.Be3 Ne5
16.Ne2 f5 17.exf5 Bxf5 18.Nd4 Bd7 19.h3 Rac8 20.a4 Nc4 21.Bxc4+ Rxc4 22.a5 Bf6
23.Rhd1 Ba4 24.Rac1 Rfc8 25.Rxc4 Rxc4 26.Rd3 b5 27.Ne6 b4 28.Nc5 Bc2 29.Rd7 b3
30.Nxb3 Bxb3 31.Rxa7 Rc2+ 32.Kg3 Bd5 33.a6 Ra2 34.h4 h5 35.Bg5 Be5+ 36.Bf4 Bf6
37.Bg5 Be5+ 38.Bf4 Bd4 39.Rd7 Bf2+ 40.Kh2 Bc4 41.Be5 Bf7 42.Rd8+ Kh7 43.Rd7 Kg6
44.Rd6+ Kf5 45.Bxg7 Bxh4 46.Kh3 Bg5 47.Bh6 Be7 48.g4+ hxg4+ 49.fxg4+ Ke5
50.Rd2 Ra3+ 51.Kh2 Rxa6 52.Re2+ Kd6 53.Rf2 Ke6 54.Re2+ Kd7 55.Bf4 Bc4 56.Re4 Bd5
57.Re5 Be6 58.Kg3 Ra8 59.Re2 Bc5 60.Rd2+ Kc6 61.Re2 Bc4 62.Re4 Kd5 63.Re5+ Kd4
64.Re1 Bb4 65.Rb1 Bc3 66.Rc1 Re8 67.Rd1+ Ke4 68.Rc1 Kd3 69.Kh4 Re4 70.Kg5 Bb4
71.Rd1+ Ke2 72.Rh1 Be6 73.Rh2+ Kf3 74.Rh3+ Kf2 75.Rh2+ Kg1 76.Rh7 Bc8 77.Rf7 Kg2
78.Bc1 Be7+ 79.Kh6 Bxg4 80.Rf4 Re6+ 81.Kg7 Bh5 82.Rf5 Be8 83.Bb2 Kg3 84.Bf6 Bd6
85.Rd5 Kf4 86.Rd1 Bc5 87.Rf1+ Kg3 88.Rc1 Be3 89.Rd1 Kg4 90.Rb1 Kf5 91.Rf1+ Bf4
92.Bb2 Bb5 93.Rf2 Ke4 94.Bf6 Bc4 95.Rg2 Rc6 96.Bb2 Rc7+ 97.Kf6 Rc6+ 98.Kg7 Kf5
99.Rf2 Rc7+ 100.Kf8 Bd5 101.Rf1 Kg4 102.Rg1+ Kf5 103.Rf1 Rf7+ 104.Ke8 Rb7
105.Bc3 Rb3 106.Ba5 Ke6 107.Kf8 Bd6+  1/2-1/2

[Event "HUN-chT"]
[Site "HUN"]
[Date "1993.??.??"]
[Round "?"]
[White "Mester, Gyula"]
[Black "Besztercsenyi, Tibor"]
[Result "0-1"]
[WhiteElo "2300"]
[BlackElo "2275"]

1.d4 Nf6 2.c4 e6 3.Nc3 Bb4 4.f3 d5 5.a3 Bxc3+ 6.bxc3 c5 7.cxd5 Nxd5 8.dxc5 Qa5
9.Qd4 f6 10.e4 Nc6 11.Qc4 Nc7 12.f4 b6 13.cxb6 Qxb6 14.Nf3 Ba6 15.Qa4 Bxf1
16.Rxf1 O-O 17.Nd4 Nxd4 18.Qxd4 Qc6 19.Rf3 Rfd8 20.Qe3 Na6 21.e5 f5 22.Qe2 Nc5
23.c4 Rd7 24.Rc3 Rad8 25.Be3 Ne4 26.Rcc1 h6 27.Rab1 Kh7 28.Qc2 Rd3 29.Rb3 R3d7
30.Rbb1 Nc5 31.Bxc5 Qxc5 32.Qf2 Qa5+ 33.Kf1 Rd2 34.Qg3 R8d3 35.Qe1 Qc5 36.Rd1 Qxc4
37.Rxd2 Rxd2+ 38.Kg1 Qxf4 39.Rb4 Qg5 40.Qf1 Qe3+ 41.Kh1 Qxe5 42.Rb1 Qd5  0-1

[Event "HUN-chT"]
[Site "HUN"]
[Date "1993.??.??"]
[Round "?"]
[White "Krizsany, Laszlo"]
[Black "Almasi, Zoltan"]
[Result "0-1"]
[WhiteElo "2345"]
[BlackElo "2490"]

1.d4 Nf6 2.c4 e6 3.Nc3 Bb4 4.f3 d5 5.a3 Bxc3+ 6.bxc3 c5 7.cxd5 Nxd5 8.dxc5 Qa5
9.e4 Nf6 10.Be3 O-O 11.Qb3 Qc7 12.Bb5 Nfd7 13.Bxd7 Nxd7 14.Qb4 a5 15.Qd4 Ra6
16.Ne2 e5 17.Qd5 Nf6 18.Qb3 Nd7 19.Kf2 Nxc5 20.Qb5 Rc6 21.Rab1 f5 22.exf5 Bxf5
23.Rbd1 Be6 24.Rhe1 Ne4+ 25.Kg1 Bc4 26.Qb1 Bxe2  0-1

[Event "Lenk-J"]
[Site "Lenk"]
[Date "1993.??.??"]
[Round "7"]
[White "Krizsany, Laszlo"]
[Black "Ruf, Matthias"]
[Result "1/2-1/2"]
[WhiteElo "2345"]
[BlackElo "2425"]

1.d4 Nf6 2.c4 e6 3.Nc3 Bb4 4.f3 c5 5.d5 d6 6.e4 exd5 7.cxd5 O-O 8.Ne2 a6
9.Ng3 Qc7 10.Be2 Nbd7 11.Bg5 h6 12.Bf4 Re8 13.Qd2 Nf8 14.O-O Ng6 15.Be3 b5
16.a4 Rb8 17.axb5 axb5 18.h4  1/2-1/2

[Event "Loosdorf op"]
[Site "Loosdorf"]
[Date "1993.??.??"]
[Round "9"]
[White "Haba, Petr"]
[Black "Piza, Vlastimil"]
[Result "1-0"]
[WhiteElo "2485"]
[BlackElo "2275"]

1.d4 Nf6 2.c4 e6 3.Nc3 Bb4 4.f3 c5 5.d5 d6 6.e4 Bxc3+ 7.bxc3 e5 8.Ne2 Kd7
9.g4 Kc7 10.Ng3 h5 11.Bg5 hxg4 12.fxg4 Qg8 13.h3 Nbd7 14.Qf3 Nh7 15.Be3 Ndf8
16.Be2 Ng6 17.Nh5 Ne7 18.Kd2 Bd7 19.Raf1 Rf8 20.h4 f6 21.Ng3 Rf7 22.g5 Rf8
23.Qg2 g6 24.gxf6 Rxf6 25.Rxf6 Nxf6 26.Bg5 Qg7 27.Nf1 Neg8 28.Ne3 Nh6 29.Rf1 Nh7
30.Bg4 Nxg4 31.Nxg4 Bxg4 32.Qxg4 Rf8 33.Rxf8 Qxf8 34.Be3 Qf7 35.Ke2 Nf8 36.Qf3 Qg7
37.Bg5 Nd7 38.Kd3 Qh7 39.Kd2 a6 40.Qf1 Qg8 41.a3 Qe8 42.Kd3 Nb6 43.Ke3 Kb8
44.Qf6 Nxc4+ 45.Kf3 Qg8 46.Bh6 Qh7 47.Bf8 Kc7 48.Kg3 b5 49.Bg7 Nb6 50.Bf8 Nc8
51.Bg7 c4 52.Qf7+ Kb8 53.Qd7 g5 54.hxg5 Qxe4 55.Bf6 Qe1+ 56.Kg4 Qd1+ 57.Kh4 Qh1+
58.Kg4 Qe4+ 59.Kh5 Qxd5 60.Bd8 Qc5 61.g6 e4+ 62.Kh6  1-0

[Event "Lublin-B"]
[Site "Lublin"]
[Date "1993.??.??"]
[Round "2"]
[White "Bogdanovich, Grigory"]
[Black "Kluss, Kai"]
[Result "1-0"]
[WhiteElo "2425"]
[BlackElo "2235"]

1.d4 Nf6 2.c4 e6 3.Nc3 Bb4 4.f3 c5 5.d5 exd5 6.cxd5 d6 7.e4 O-O 8.Be2 Nh5
9.Be3 f5 10.exf5 Rxf5 11.g4 Re5 12.Qd2 Nf6 13.Bf4 Re8 14.O-O-O c4 15.Bxc4 Nbd7
16.Nge2 Nb6 17.Bb3 Bxg4 18.fxg4 Ne4 19.Qd4 Bc5 20.Qxe4 Rxe4 21.Nxe4 Qc8 22.h3 a5
23.a4 Bb4+ 24.Kb1 Qe8 25.N2c3 Rc8 26.Rhe1 Qf8 27.Rf1 Qe8 28.Ka2 Qd7 29.Rd4 Rf8
30.Ng5 Bxc3 31.bxc3 h6 32.Ne6 Rf7 33.Re1 g5 34.Bd2 Rf2 35.Ka3 Rf3 36.Rde4 Kf7
37.Nd4 Rf6 38.Nf5 Nc8 39.Re6 Qc7 40.Rxf6+ Kxf6 41.Re6+ Kf7 42.Nxh6+ Kf8 43.Kb2 Qb6
44.Be3 Qa6 45.Bxg5 Qd3 46.Nf5 Qxh3 47.Bh6+ Kf7 48.g5 Qg2+ 49.Ka3  1-0

[Event "Lublin-B"]
[Site "Lublin"]
[Date "1993.??.??"]
[Round "11"]
[White "Bogdanovich, Grigory"]
[Black "Jamroz, Zbigniew"]
[Result "1/2-1/2"]
[WhiteElo "2425"]
[BlackElo "2280"]

1.d4 e6 2.c4 Bb4+ 3.Nc3 Nf6 4.f3 d5 5.a3 Bxc3+ 6.bxc3 c5 7.cxd5 Nxd5 8.Qc2 cxd4
9.cxd4 Nc6 10.e4 Nde7 11.Be3 O-O 12.Ne2 b6 13.Rd1 Bb7 14.Nf4 Rc8 15.Qa2 Na5
16.Be2 Qd6 17.O-O Rc3 18.Bd2 Rxa3 19.Qb2 Rb3 20.Qa1 Ng6 21.Nh5 Ra3 22.Qb2 Rb3  1/2-1/2

[Event "Mislata op 2nd"]
[Site "Mislata"]
[Date "1993.??.??"]
[Round "8"]
[White "Cruz Lopez Claret, Carlos"]
[Black "Sanchez Guirado, Francisco"]
[Result "1-0"]
[WhiteElo "2290"]
[BlackElo "2330"]

1.d4 Nf6 2.c4 e6 3.Nc3 Bb4 4.f3 c5 5.d5 Nh5 6.g3 O-O 7.e4 f5 8.e5 f4 9.Nh3 fxg3
10.Ng5 Rf5 11.f4 g2 12.Bxg2 Nxf4 13.Bxf4 Rxf4 14.Nf3 Re4+ 15.Kf2 Bxc3 16.bxc3 d6
17.Qd3 Rf4 18.Rhe1 dxe5 19.Rxe5 Nd7 20.Rxe6 Nf6 21.Ree1 Bf5 22.Qe2 Re4 23.Qd2 Rxc4
24.Ne5 Re4 25.Kg1 Rh4 26.d6 Be6 27.Nf3 Re4 28.Ng5 Rxe1+ 29.Rxe1 Bc4 30.Qf4 Bb5
31.Bxb7 Rb8 32.Re7 Be8 33.Ne6 Qb6 34.Rxg7+ Kh8 35.Qxf6 Qb1+ 36.Kg2 Qxa2+
37.Kh3 Qxe6+ 38.Qxe6 Kxg7 39.Qe7+ Kg6 40.Qc7  1-0

[Event "Mislata op 2nd"]
[Site "Mislata"]
[Date "1993.??.??"]
[Round "9"]
[White "Cruz Lopez Claret, Carlos"]
[Black "Eslon, Jaan"]
[Result "1/2-1/2"]
[WhiteElo "2290"]
[BlackElo "2440"]

1.d4 Nf6 2.c4 e6 3.Nc3 Bb4 4.f3 d5 5.a3 Bxc3+ 6.bxc3 c5 7.cxd5 Nxd5 8.dxc5 Qa5
9.e4 Ne7 10.Be3 O-O 11.Qb3 Qc7 12.a4 Nec6 13.Bb5 e5 14.Ne2 Be6 15.Qa3 Na5
16.O-O a6 17.Bd3 Bc4 18.Nc1 Nbc6 19.Qb2 Rfd8 20.Bxc4 Nxc4 21.Qe2 Nxe3 22.Qxe3 Na5
23.Nd3 Nc4 24.Qe2 Rd7 25.Rfd1 Rad8 26.h3 h6 27.Kh2 Qa5 28.c6 bxc6 29.Nb4 Rxd1
30.Rxd1 Rxd1 31.Qxd1 c5 32.Qd7 cxb4 33.Qc8+ Kh7 34.Qf5+ Kg8  1/2-1/2

[Event "Moscow blitz"]
[Site "Moscow"]
[Date "1993.??.??"]
[Round "?"]
[White "Shirov, Alexei"]
[Black "Karpov, Anatoly"]
[Result "0-1"]
[WhiteElo "2670"]
[BlackElo "2725"]

1.d4 Nf6 2.c4 e6 3.Nc3 Bb4 4.f3 d5 5.a3 Bxc3+ 6.bxc3 c5 7.cxd5 Nxd5 8.Qd3 b6
9.e4 Ne7 10.Qe3 O-O 11.f4 cxd4 12.cxd4 f5 13.Nf3 fxe4 14.Qxe4 Qd5 15.Qc2 Ba6
16.Bxa6 Nxa6 17.O-O Nf5 18.Qa4 Nc7 19.Bb2 Ne3 20.Rfe1 Nxg2 21.Kxg2 Rxf4 22.Re3 Raf8
23.Qb3 Qf5 24.Rf1 Nd5 25.Rd3 Re4 26.Kh1 Re2 27.Rg1 Qe4 28.Bc1 Rf2 29.Re1 Qg4
30.Rg1 Qe4 31.Re1 Qf5 32.Ng1 a5 33.Rg3 Rc2 34.Qf3 Qxf3+ 35.Nxf3 Rc3 36.Ng5 Rxg3
37.hxg3 h6 38.Nxe6 Rf2  0-1

[Event "Nis op"]
[Site "Nis"]
[Date "1993.??.??"]
[Round "?"]
[White "Kitic, Dusan"]
[Black "Pavlovic, Dragoljub"]
[Result "0-1"]
[WhiteElo "2265"]
[BlackElo "2335"]

1.d4 Nf6 2.c4 e6 3.Nc3 Bb4 4.f3 d5 5.a3 Bxc3+ 6.bxc3 c5 7.cxd5 Nxd5 8.dxc5 Qa5
9.e4 Ne7 10.Qb3 Qxc5 11.Qb4 Qc7 12.Be3 Nbc6 13.Qc5 O-O 14.Bd3 b6 15.Qc4 e5
16.Rc1 Be6 17.Qb5 Na5 18.c4 Rac8 19.c5 Qb8 20.Rb1 Nec6 21.Ne2 bxc5 22.Bxc5 Rfd8
23.O-O Nb3 24.Be3 Qd6 25.Rfd1 Qxa3 26.Bg5 f6 27.Be3 Nb4  0-1

[Event "Nis op"]
[Site "Nis"]
[Date "1993.??.??"]
[Round "?"]
[White "Ilincic, Zlatko"]
[Black "Maksimovic, Branimir"]
[Result "1-0"]
[WhiteElo "2505"]
[BlackElo "2370"]

1.d4 Nf6 2.c4 e6 3.Nc3 Bb4 4.f3 d5 5.a3 Bxc3+ 6.bxc3 O-O 7.e3 c5 8.cxd5 Nxd5
9.Ne2 Nc6 10.e4 Nb6 11.dxc5 Nd7 12.Nd4 Nxc5 13.Nxc6 bxc6 14.Be2 Qa5 15.Bd2 Rd8
16.Qc2 Ba6 17.c4 Rxd2 18.Qxd2 Qxd2+ 19.Kxd2 Nb3+ 20.Kc3 Nxa1 21.Rxa1 Kf8
22.Kd4 Ke7 23.Kc5 Rb8 24.Ra2 Kd7 25.f4 Kc7 26.e5 Rb3 27.a4 Re3 28.Kd4 Rb3
29.a5 h6 30.h4 Rb1 31.Kc5 Rc1 32.h5 Rc3 33.Kd4 Rc1 34.g4 f6 35.exf6 gxf6
36.g5 fxg5 37.fxg5 hxg5 38.Ke5 Rh1 39.Rc2 Rh2 40.Bd1 Rh4 41.Kf6 Bxc4 42.Kxg5 Rd4
43.h6 Rd5+ 44.Kf6 Bd3 45.Rh2 Kd6 46.Bg4 c5 47.Rd2 c4 48.Rxd3 cxd3 49.h7 Rd4  1-0

[Event "Novosibirsk"]
[Site "Novosibirsk"]
[Date "1993.??.??"]
[Round "1"]
[White "Vaisser, Anatoli"]
[Black "Psakhis, Lev"]
[Result "1/2-1/2"]
[WhiteElo "2555"]
[BlackElo "2575"]

1.d4 e6 2.c4 Nf6 3.Nc3 Bb4 4.f3 d5 5.a3 Bxc3+ 6.bxc3 c5 7.cxd5 Nxd5 8.dxc5 Qa5
9.e4 Ne7 10.Be3 O-O 11.Qb3 Qc7 12.a4 Nd7 13.Qa3 f5 14.Nh3 fxe4 15.fxe4 Ne5
16.Be2 N7g6 17.Nf2 Nf4 18.Bxf4 Rxf4 19.O-O Bd7 20.g3 Rff8 21.Nd3 Rxf1+ 22.Rxf1 Nxd3
23.Bxd3 Rc8 24.Rb1 Qxc5+ 25.Qxc5 Rxc5 26.Rxb7 Bxa4 27.c4 a5 28.Kf2 Be8 29.Ke3 e5
30.Kd2 Kf8 31.Kc3 Bf7 32.h4 h6 33.Ra7 Be6 34.Rb7 Bf7 35.Rb5 Rxb5 36.cxb5 Ke7
37.b6 Kd6 38.Bb5 Be6 39.b7 Kc7 40.Bc6 Bf7 41.Kb2 Bc4 42.Ka3 Ba6 43.Ka4 Bxb7
44.Bxb7 Kxb7 45.Kxa5  1/2-1/2

[Event "Osijek"]
[Site "Osijek"]
[Date "1993.??.??"]
[Round "5"]
[White "Misanovic, Vesna"]
[Black "Dizdar, Goran"]
[Result "0-1"]
[WhiteElo "2360"]
[BlackElo "2495"]

1.d4 Nf6 2.c4 e6 3.Nc3 Bb4 4.f3 d5 5.a3 Bxc3+ 6.bxc3 c5 7.e3 O-O 8.Bd3 dxc4
9.Bxc4 Qc7 10.Bb3 Rd8 11.Ne2 Nc6 12.O-O b6 13.Bd2 Ba6 14.Be1 Nd5 15.Qd2 Rac8
16.Bg3 Qe7 17.Rfe1 Na5 18.Bxd5 Rxd5 19.Nf4 Rdd8 20.Qf2 cxd4 21.cxd4 Rc3 22.Nh5 f6
23.e4 Rdc8 24.Ra2 Rc1 25.Bf4 Rxe1+ 26.Qxe1 Qf7 27.Qh4 e5 28.Bh6 Qxa2 29.Nxf6+ Kf7
30.Qh5+ g6 31.Qg5 Qb1+ 32.Kf2 Rc2+ 33.Kg3 Rxg2+ 34.Kxg2 Qf1+ 35.Kg3 Qg1+  0-1

[Event "Oviedo rapid"]
[Site "Oviedo"]
[Date "1993.??.??"]
[Round "5"]
[White "Yakovich, Yuri"]
[Black "Jussupow, Artur"]
[Result "0-1"]
[WhiteElo "2525"]
[BlackElo "2630"]

1.d4 Nf6 2.c4 e6 3.Nc3 Bb4 4.f3 d5 5.a3 Bxc3+ 6.bxc3 c5 7.cxd5 Nxd5 8.dxc5 f5
9.e4 fxe4 10.Qc2 O-O 11.fxe4 Qh4+ 12.g3 Qf6 13.Bg2 Qxc3+ 14.Qxc3 Nxc3 15.Bf4 Bd7
16.Bd6 Re8 17.Ne2 Nxe2 18.Kxe2 Bc6 19.Rhd1 Nd7 20.Ke3 Rac8 21.Rac1 b6 22.cxb6 Nxb6
23.Rc5 Bb7 24.Rdc1 Rxc5 25.Rxc5 Rc8 26.Rxc8+ Nxc8 27.Bc5 e5 28.Bf1 Kf7 29.Bc4+ Kf6
30.a4 Nb6 31.Bb5 a6 32.Be8 Nc8 33.a5 Ke6 34.Ba4 Nd6 35.Bb3+ Kd7 36.Ba4+ Ke6  0-1

[Event "Oviedo rapid"]
[Site "Oviedo"]
[Date "1993.??.??"]
[Round "6"]
[White "Pomes Marcet, Juan"]
[Black "Suba, Mihai"]
[Result "0-1"]
[WhiteElo "2410"]
[BlackElo "2500"]

1.d4 Nf6 2.c4 e6 3.Nc3 Bb4 4.f3 d5 5.a3 Bxc3+ 6.bxc3 c5 7.cxd5 exd5 8.e3 Qc7
9.Bb5+ Bd7 10.Rb1 Bxb5 11.Rxb5 Nbd7 12.Ne2 a6 13.Rb1 O-O 14.O-O Rfe8 15.Ng3 b5
16.a4 Qc6 17.Qd3 bxa4 18.c4 cxd4 19.cxd5 Qxd5 20.Qxd4 Qxd4 21.exd4 Rab8 22.Bf4 Rb3
23.Ra1 Nd5 24.Bd6 Nc3 25.Rfc1 Nb6 26.h4 Nbd5 27.Kh2 h6 28.h5 Nb5 29.Rc6 Re6
30.Rc8+ Kh7 31.Be5 Rb2 32.Rf1 Rf6  0-1

[Event "Porz op29"]
[Site "Porz"]
[Date "1993.??.??"]
[Round "5"]
[White "Lemanczyk, Thomas"]
[Black "Preuschoff, Michael"]
[Result "0-1"]
[WhiteElo "2035"]
[BlackElo "2260"]

1.d4 Nf6 2.c4 e6 3.Nc3 Bb4 4.f3 c5 5.d5 Nh5 6.g3 f5 7.e4 d6 8.f4 Nf6 9.e5 Ne4
10.Bd2 Bxc3 11.Bxc3 Nxc3 12.bxc3 dxe5 13.fxe5 O-O 14.Bg2 Re8 15.Nf3 Nd7 16.O-O a5
17.Qd3 Nf8 18.h4 b6 19.g4 g6 20.gxf5 gxf5 21.Ng5 Ra7 22.Rad1 Rg7 23.Qh3 Qc7
24.Kh1 Bb7 25.d6 Bxg2+ 26.Qxg2 Qd7 27.Qf2 Ng6 28.Rde1 Kh8 29.h5 Nxe5 30.Qe2 Qxd6  0-1

[Event "Reykjavik op"]
[Site "Reykjavik"]
[Date "1993.??.??"]
[Round "5"]
[White "Gislason, Gudmundur"]
[Black "Jonsson, Bjorgvin"]
[Result "1/2-1/2"]
[WhiteElo "2265"]
[BlackElo "2400"]

1.d4 Nf6 2.c4 e6 3.Nc3 Bb4 4.f3 c5 5.d5 b5 6.e4 bxc4 7.Bxc4 Nxd5 8.Bxd5 exd5
9.Qxd5 Nc6 10.Ne2 Ba6 11.a3 Bxc3+ 12.Nxc3 Qb6 13.Qd6 Nd4 14.Qe5+ Qe6 15.Qxg7 O-O-O
16.Bg5 Rhg8 17.Qf6 Qxf6 18.Bxf6 Rxg2 19.O-O-O Nb3+ 20.Kb1 Re8  1/2-1/2

[Event "Rostov op"]
[Site "Rostov"]
[Date "1993.??.??"]
[Round "?"]
[White "Yakovich, Yuri"]
[Black "Anastasian, Ashot"]
[Result "0-1"]
[WhiteElo "2510"]
[BlackElo "2470"]

1.d4 Nf6 2.c4 e6 3.Nc3 Bb4 4.f3 Nc6 5.e4 e5 6.a3 Bxc3+ 7.bxc3 d6 8.Bg5 h6
9.Be3 b6 10.Bd3 Na5 11.c5 Qe7 12.cxd6 cxd6 13.Ne2 O-O 14.O-O Bd7 15.Ng3 Rfc8
16.Qe1 Rc7 17.h3 Rac8 18.Ba6 Re8 19.Bd3 b5 20.f4 Nc4 21.fxe5 dxe5 22.Bf2 Rec8
23.Bxc4 Rxc4 24.dxe5 Ne8 25.Bd4 a5 26.Nf5 Bxf5 27.exf5 b4 28.axb4 axb4 29.Ra7 R8c7
30.f6 Qe6 31.Rxc7 Nxc7 32.fxg7 Nd5 33.Qh4 bxc3 34.Qd8+ Kxg7 35.Rf3 Rc8 36.Rg3+ Kh7
37.Qh4 c2 38.Bb2 c1=Q+ 39.Bxc1 Rxc1+ 40.Kh2 Ne7 41.Qf4 Rc4  0-1

[Event "SLO-chT"]
[Site "?"]
[Date "1993.??.??"]
[Round "?"]
[White "Orel, Simona"]
[Black "Ankerst, Milka"]
[Result "0-1"]
[WhiteElo "2050"]
[BlackElo "2130"]

1.d4 Nf6 2.c4 e6 3.Nc3 Bb4 4.f3 d5 5.a3 Bxc3+ 6.bxc3 b6 7.Bg5 h6 8.Bh4 Ba6
9.cxd5 exd5 10.Qa4+ c6 11.Qc2 Qe7 12.Bxf6 Qxf6 13.Nh3 O-O 14.e3 Bxf1 15.Rxf1 Re8
16.Kf2 Qh4+ 17.Ke2 Nd7 18.Rae1 b5 19.Rf2 Qe7 20.Qc1 Nb6 21.Kf1 Nc4 22.e4 Qxa3
23.Qxa3 Nxa3 24.Ra2 Nc4 25.Ra6 dxe4 26.Rxc6 exf3 27.Rxe8+ Rxe8 28.gxf3 Re3
29.Rc8+ Kh7 30.Kf2 Rxc3 31.Rc7 Rc2+ 32.Kg3 b4 33.Rxf7 b3 34.Nf4 b2 35.Rb7 Nb6
36.Ne6 b1=Q 37.Rxg7+ Kh8 38.Rxa7 Qe1+  0-1

[Event "EU-ch U18"]
[Site "Vejen"]
[Date "1993.??.??"]
[Round "8"]
[White "Nilssen, John Arni"]
[Black "Hedman, Erik"]
[Result "1-0"]
[WhiteElo "2265"]
[BlackElo "2255"]

1.d4 Nf6 2.c4 e6 3.Nc3 Bb4 4.f3 d5 5.a3 Bxc3+ 6.bxc3 c5 7.cxd5 Nxd5 8.dxc5 Qa5
9.e4 Nf6 10.Be3 O-O 11.Qb3 Na6 12.a4 Nd7 13.Bxa6 bxa6 14.Qb4 Qc7 15.Ne2 a5
16.Qd4 Bb7 17.Kf2 Rad8 18.Qd6 Qc8 19.Rhd1 Nf6 20.Qe5 Bxe4 21.Rd6 Bd5 22.Nf4 Qb8
23.Nxd5 Qb2+ 24.Kg3 exd5 25.Rxd8 Rxd8 26.Rd1 Qe2 27.Qd4 Re8 28.Bc1 Re6 29.h3 Nh5+
30.Kh2 Rg6 31.Rg1 Nf6 32.c6 Qe7 33.Bf4 h6 34.c7 Qe8 35.Qxa7 Nd7 36.Qxa5 Nb6
37.Qb4 Rc6 38.a5 Nd7 39.Qb5 Rc5 40.Qb7 Rxc3 41.a6  1-0

[Event "Warsaw op"]
[Site "Warsaw"]
[Date "1993.??.??"]
[Round "3"]
[White "Sidorov, Anatoly"]
[Black "Brodsky, Michail"]
[Result "1/2-1/2"]
[WhiteElo "2360"]
[BlackElo "2520"]

1.d4 Nf6 2.c4 e6 3.Nc3 Bb4 4.f3 O-O 5.a3 Bxc3+ 6.bxc3 Ne8 7.e4 Nc6 8.Be3 b6
9.d5 Na5 10.dxe6 fxe6 11.c5 d6 12.cxd6 cxd6 13.Bd3 Qc7 14.Ne2 e5 15.O-O Be6
16.Bf2 Nf6 17.Qa4 Nb3 18.Rad1 Nc5 19.Qb4 Nxd3 20.Rxd3 Bc4 21.Rd2 d5 22.exd5 Nxd5
23.Qb2 Rae8 24.Qc2 Nf6 25.Re1 e4 26.Nd4 exf3 27.Rxe8 Rxe8 28.gxf3 Qf4 29.Rd1 Qg5+
30.Bg3 Nd5 31.Qc1 Qg6 32.Re1 Rf8 33.Qd2 Nf4 34.Kh1 Nh5 35.Kg2 Nf4+ 36.Kh1 Nd3
37.Re3 Nc5 38.Re5 h6 39.Kg2 Nd3 40.Re4 Nc5 41.Re5 Ne6 42.Nxe6 Bxe6 43.Re4 Qh5
44.Rf4 Rc8 45.Rd4 Bh3+ 46.Kf2 Qc5 47.Bf4 Qxc3 48.Rd8+ Kh7 49.Rxc8 Qxc8 50.Kg3 Bf1
51.Kf2 Ba6 52.Qd4 Qc2+ 53.Bd2 Bb7 54.Qc3 Qf5 55.Bc1 Bd5 56.Bb2 Qg6 57.Qd4 Be6
58.Qe4 Bf5 59.Qe5 Qf7 60.Kg3 Bd3  1/2-1/2

[Event "Cseppko op"]
[Site "Aggtelek"]
[Date "1994.??.??"]
[Round "8"]
[White "Krizsany, Laszlo"]
[Black "Volosin, Vladimir"]
[Result "1-0"]
[WhiteElo "2385"]
[BlackElo "2295"]

1.d4 Nf6 2.c4 e6 3.Nc3 Bb4 4.f3 d5 5.a3 Bxc3+ 6.bxc3 h6 7.cxd5 exd5 8.e3 O-O
9.Bd3 c5 10.Ne2 b6 11.O-O Bb7 12.Ng3 Nc6 13.Ra2 Rc8 14.Bb1 Ba6 15.Re1 Re8
16.Rf2 Rc7 17.Bb2 Bc8 18.e4 dxe4 19.fxe4 Ng4 20.Rf3 cxd4 21.cxd4 Rd7 22.Rd3 Rd6
23.h3 Nf6 24.e5 Rde6 25.d5 Rxe5 26.Bxe5 Nxe5 27.Rde3 Ned7 28.d6 Rxe3 29.Rxe3 Nf8
30.Ba2 Be6 31.Bxe6 Nxe6 32.Nf5 Qd7 33.Qf3 Qa4 34.Nxh6+ gxh6 35.Qxf6 Qd1+
36.Kh2 Qxd6+ 37.Rg3+ Kf8 38.Qxh6+ Ke7 39.h4 Qe5 40.Qe3 Qc7 41.h5 Kf8 42.h6  1-0

[Event "Altensteig-J"]
[Site "Altensteig"]
[Date "1994.??.??"]
[Round "?"]
[White "Pelletier, Yannick"]
[Black "Kachiani Gersinska, Ketino"]
[Result "0-1"]
[WhiteElo "2365"]
[BlackElo "2415"]

1.d4 Nf6 2.c4 e6 3.Nc3 Bb4 4.f3 c5 5.d5 Bxc3+ 6.bxc3 Qa5 7.Bd2 d6 8.e4 Nbd7
9.Ne2 Nb6 10.Ng3 Qa4 11.Bd3 Qxd1+ 12.Kxd1 Bd7 13.Bf4 O-O-O 14.Kd2 Ne8 15.Rhb1 e5
16.Bg5 f6 17.Be3 Kc7 18.Ne2 Rb8 19.Rg1 h5 20.h4 g6 21.f4 f5 22.Ng3 fxe4 23.Nxe4 Bf5
24.Ng5 e4 25.Be2 Bg4 26.Nxe4 Bxe2 27.Kxe2 Nxc4 28.g4 Ng7 29.Rae1 Rbe8 30.Kf3 hxg4+
31.Rxg4 Nxe3 32.Rxe3 Nf5 33.Re2 Nxh4+ 34.Kf2 Nf5 35.Rxg6 c4 36.Ng3 Nxg3 37.Rg7+ Kb6
38.Rb2+ Kc5 39.Kxg3 Re3+ 40.Kg4 Rxc3 41.Rbxb7 Rc1 42.Rxa7 Rg1+ 43.Kf5 Rxg7
44.Rxg7 Kxd5 45.Rc7 Ra8 46.Kg6 Rxa2 47.f5 Rg2+ 48.Kf7 Rf2 49.f6 Ke5 50.Re7+ Kd4
51.Rd7 d5 52.Ke6 Ke4 53.f7 c3 54.Rc7 d4 55.Rc8 Rf1 56.Rc5 Kd3 57.Rf5 Rxf5
58.Kxf5 c2 59.f8=Q c1=Q 60.Kg6 Qg1+ 61.Kh7 Qh2+ 62.Kg8 Qg3+ 63.Kh7 Qh4+ 64.Kg8 Qg4+
65.Kh8 Qh5+ 66.Kg8 Qd5+ 67.Kh8 Qe5+ 68.Kg8 Qe6+ 69.Kh8 Qe5+ 70.Kg8 Ke2 71.Qb4 Qe6+
72.Kh8 d3 73.Qb5 Qh3+ 74.Kg7 Qg4+ 75.Kf8 Qd4 76.Kg8 Ke1 77.Qb7 Qc4+ 78.Kg7 Qg4+
79.Kf8 d2 80.Qh1+ Kf2 81.Qh2+ Qg2 82.Qh4+ Kg1  0-1

[Event "AUT-chT2S 9394"]
[Site "AUT"]
[Date "1994.??.??"]
[Round "?"]
[White "Toefferl, Heimo"]
[Black "Hoffmann, Erich"]
[Result "1-0"]
[WhiteElo "2185"]
[BlackElo "2090"]

1.d4 Nf6 2.c4 e6 3.Nc3 Bb4 4.f3 c5 5.e3 d6 6.Bd3 Bxc3+ 7.bxc3 Qc7 8.Ne2 b6
9.Ng3 Bb7 10.O-O h5 11.Re1 h4 12.Nf1 Nbd7 13.a4 a5 14.Rb1 O-O-O 15.e4 e5
16.Be3 Rdg8 17.Re2 g5 18.h3 Nh5 19.Reb2 Ba6 20.Bf2 Kb7 21.Ne3 Nf4 22.Nd5 Nxd5
23.cxd5 Bxd3 24.Qxd3 Ka7 25.Qb5 Rb8 26.Qc6 Rhc8 27.dxc5 dxc5 28.Qb5 f6 29.c4 Qd6
30.Be1 Qc7 31.Qb3 Qd6 32.Qd3 Ka6 33.Rb5 Qc7 34.Bc3 Qd8 35.Qd2 Qc7 36.d6 Qd8
37.Qd5 Qg8 38.Qd2 Qd8 39.Rd1 Ra8 40.Qb2 Rab8 41.Rb1 Ka7 42.Bxa5 Rc6 43.Bc3 Rxd6
44.a5 Rb7 45.Qa3 Kb8 46.axb6 Rdxb6 47.Ra1 Rxb5 48.cxb5 Kc8 49.Qb3 Qe7 50.Qd5 Nb8
51.Ra8 Rd7 52.Qc6+ Rc7 53.Qa6+ Rb7 54.Ba5 Qd7 55.Qxf6  1-0

[Event "JUG-chT Cup"]
[Site "Becici"]
[Date "1994.??.??"]
[Round "?"]
[White "Ilincic, Zlatko"]
[Black "Babic, Drasko"]
[Result "1/2-1/2"]
[WhiteElo "2530"]
[BlackElo "2295"]

1.d4 Nf6 2.c4 e6 3.Nc3 Bb4 4.f3 d5 5.a3 Bxc3+ 6.bxc3 O-O 7.e3 Nc6 8.cxd5 exd5
9.Bd3 h5 10.Ne2 Ne7 11.e4 c5 12.Bg5 cxd4 13.Bxf6 gxf6 14.cxd4 Qa5+ 15.Kf2 dxe4
16.Bxe4 Bf5 17.Bxf5 Nxf5 18.g4 hxg4 19.Rg1 Rfe8 20.Rxg4+ Kf8 21.Re4 Qc7 22.Kg1 Rad8
23.Qd3 Nd6 24.Rc1 Qa5 25.Rxe8+ Rxe8 26.d5 Re5 27.Rd1 Qc5+ 28.Kh1 Re3 29.Qd2 Qxa3
30.Ng1 Qc3 31.Qf2 Qe5 32.Qh4 a5 33.Rc1 Ke7 34.Rc7+ Kd8 35.Rc5 Re1 36.Rxa5 Qe3
37.Qxf6+ Kd7 38.Qg7  1/2-1/2

[Event "Belgrade"]
[Site "Belgrade"]
[Date "1994.??.??"]
[Round "3"]
[White "Ilincic, Zlatko"]
[Black "Greenfeld, Alon"]
[Result "1-0"]
[WhiteElo "2555"]
[BlackElo "2600"]

1.d4 Nf6 2.c4 e6 3.Nc3 Bb4 4.f3 d5 5.a3 Bxc3+ 6.bxc3 c5 7.e3 Nc6 8.Rb1 O-O
9.cxd5 Nxd5 10.Qd2 f5 11.Ne2 b6 12.dxc5 bxc5 13.Ng3 Qh4 14.Bb5 Ne5 15.O-O Bd7
16.e4 Bxb5 17.Rxb5 fxe4 18.Nxe4 Rf5 19.Rxc5 Rh5 20.h3 Rf8 21.Qf2 Qe7 22.Qd4 Rd8
23.Rd1 Nd7 24.Ra5 Nf4 25.Qxa7 Ne2+ 26.Kh2 Rxa5 27.Qxa5 Nxc1 28.Rxc1 Nf6 29.Qg5 Rf8
30.Nxf6+ Rxf6 31.a4 Qa3 32.Rb1 h6 33.Qa5 Qd6+ 34.Kh1 Qd2 35.Qa8+ Kh7 36.Qe4+ Rg6
37.f4 Qxc3 38.Rb6 Qf6 39.a5 Qa1+ 40.Kh2 Qxa5 41.Rxe6 Qh5 42.g4  1-0

[Event "Belgrade"]
[Site "Belgrade"]
[Date "1994.??.??"]
[Round "8"]
[White "Ilincic, Zlatko"]
[Black "Shipov, Sergei"]
[Result "1/2-1/2"]
[WhiteElo "2555"]
[BlackElo "2525"]

1.d4 Nf6 2.c4 e6 3.Nc3 Bb4 4.f3 d5 5.a3 Bxc3+ 6.bxc3 c5 7.e3 O-O 8.Rb1 Qc7
9.cxd5 Nxd5 10.Qd2 Rd8 11.Ne2 Nc6 12.Ng3  1/2-1/2

[Event "Biel"]
[Site "Biel"]
[Date "1994.??.??"]
[Round "2"]
[White "Pelletier, Yannick"]
[Black "Gavrikov, Viktor"]
[Result "0-1"]
[WhiteElo "2350"]
[BlackElo "2600"]

1.d4 Nf6 2.c4 e6 3.Nc3 Bb4 4.f3 d5 5.a3 Bxc3+ 6.bxc3 c5 7.cxd5 Nxd5 8.dxc5 Qa5
9.e4 Ne7 10.Be3 O-O 11.Qb3 Qc7 12.a4 e5 13.Bc4 Nec6 14.Bd5 Na5 15.Qa2 Na6
16.Ne2 Nxc5 17.O-O Be6 18.Rfd1 Bxd5 19.Rxd5 Ne6 20.Rb1 b6 21.Rbb5 Qc4 22.Qc2 f6
23.Rb4 Qc7 24.Qa2 Kh8 25.c4 Rfc8 26.Rd1 Qe7 27.Rdb1 Qd6 28.Nc3 Qd3 29.Nd5 Nc7
30.Qd2 Qxd2 31.Bxd2 Na6 32.R4b2 Nxc4 33.Ra2 Nc7 34.Rc1 Nxd5 35.Rac2 b5 36.exd5 a6
37.axb5 axb5 38.Bb4 Kg8 39.Rb1 Rd8 40.d6 Rab8 41.Ra1 Rb7 42.Rc3 Kf7 43.Ra6 Ke6
44.Rd3 Kd7 45.Rd5 Ne3 46.Rc5 Rc8 47.Rxc8 Kxc8 48.Rc6+ Kd7 49.Rc5 Nf5 50.Kf2 Nd4
51.Rc1 Nc6 52.Bc5 b4 53.Ke3 Rb5 54.Kd3 Na5  0-1

[Event "Bucharest-A"]
[Site "Bucharest"]
[Date "1994.??.??"]
[Round "?"]
[White "Komarov, Dimitri"]
[Black "Panchenko, Alexander N"]
[Result "1-0"]
[WhiteElo "2535"]
[BlackElo "2480"]

1.d4 Nf6 2.c4 e6 3.Nc3 Bb4 4.f3 d5 5.a3 Bxc3+ 6.bxc3 O-O 7.cxd5 Nxd5 8.e4 Nxc3
9.Qb3 Qxd4 10.Bb2 Qe3+ 11.Be2 Nd5 12.Qxe3 Nxe3 13.Kf2 Nd5 14.exd5 exd5 15.Rc1 c6
16.Bd3 Be6 17.f4 f6 18.Nf3 Nd7 19.Nd4 Bf7 20.Nf5 Kh8 21.Rhe1 Bg6 22.Re7 Rad8
23.Bd4 Rfe8 24.Rxe8+ Rxe8 25.Nd6 Re6 26.Bxg6 Rxd6 27.Bf5 a6 28.Re1 Nf8 29.Re8 Kg8
30.Bc5  1-0